000 01054nam a22002777a 4500
001 7409
003 FISKH
005 20250714100133.0
008 250714b cb ||||| |||| 00| 0 eng d
020 _a9780312510855
040 _aFISKH
_beng
_cFISKH
_dFISKH
050 _aQL49.C683
082 _a590
100 _aCornford, Lovisa
245 _aAnimals A-Z :
_bFor kids who really love animals! /
_cWritten by Lovisa Cornford ; Designed by Bethany Side and Nicola Friggens
260 _aNew York :
_bPriddy Books,
_c2011.
300 _a28 unnumbered pages :
_bcolor illustrations ;
_c26 x 32 cm
505 _aG
520 _aMeet 26 of the most incredible animals which inhabit out planet - one for each letter of the alphabet. Find out what they eat, how big they are and more with this amazing A to Z.
521 8 _a400
_bLexile estimate
521 8 _aG
_bRaz-Plus
650 _aAlphabet
_vScience
_xWildlife
_yPicture Book
700 _aSide, Bethany
_eDesigner
700 _aFriggens, Nicola
_eDesigner
942 _2ddc
_cBK
_n0
999 _c7409
_d7409